Missing Word: Two Andys Quiz Stats

 Plays Quiz Updated Apr 26, 2016

Challenge
Share
Tweet
Embed
Score 0/20 Timer 03:00
0 Plays Today
Hint Answer % Correct
Andy SerkisApes
97.4%
Andy SerkisRock
95.8%
Andy SambergCloudy
95.7%
Andy SambergFriends
95.4%
Andy SambergUps
92.2%
Andy SambergHotel
90.7%
Andy SerkisTowers
89.3%
Andy Serkis13
88.8%
Andy SerkisForce
87.7%
Andy SambergList
84.4%
Hint Answer % Correct
Andy SerkisKong
79.3%
Andy SerkisBlack
72.2%
Andy SerkisAway
71.2%
Andy SerkisHobbit
69.2%
Andy SambergPlaylist
66%
Andy SambergBoy
44.8%
Andy SambergNumber
28.2%
Andy SambergRod
22.2%
Andy SambergBear
16%
Andy SerkisArthur
13.4%

Today's Daily Dose

You're not logged in!

Compare scores with friends on all Sporcle quizzes.
OR
Log In

You Might Also Like...

Show Comments

Extras

Top Quizzes Today


Score Distribution

Your Account Isn't Verified!

In order to create a playlist on Sporcle, you need to verify the email address you used during registration. Go to your Sporcle Settings to finish the process.

Report this User

Report this user for behavior that violates our Community Guidelines.

Details: